1145 1744 1912 1217 1267 1734 1541 1120 1273 1491 1810 1213 1266 1521 1472 1286 1765 1721 1663 1059 1782 1466 1294 1351 1843 1443 1957 1258 1081 1687 1820 1172 1002 1261 1831 1597 1113 1935 1649 1975 1129 1143 1074 1308 1180 1710 1968 1586 1776 1636 1167 1218 1295 1688 1440 1435 1080 1655 1980 1310 1957 1161 1903 1894 1594 1284 1763 1042 1656 1000 1393 1666 1013 1629 1282 1154 1960 1163 1062 1539 1587 1418 1325 1406 1191 1077 1843 1059 1063 1850 1628 1584 1319 1449 1804 1038 1812 1740 1918 BCNSPRNW ULIB Ver.6.0+V

เปลี่ยนเป็นภาษาไทย

Change to English
 แสดงรายละเอียดบรรณานุกรม
  กลับหน้าหลัก

Brief Record : Get Marc (ISO 2709) : E-mail record : QR code < ปิดหน้าต่าง
LEADER : 00000nam 2200000uu 4500
001    13399128610
003     ULIB
008    230919s2565||||th 000 0 tha d
020    ^a9786164076945
060 04 ^aWI140^bG428
245 ^a ^aGI survival guide for interns and medical students : problem-based case discussion/^cศุภพัชญ ศรีภูษณาพรรณ,^eบรรณาธิการ
250    ^aพิมพ์ครั้งที่ 1
260    ^aกรุงเทพฯ:^bสาขาวิชาโรคระบบทางเดินอาหาร ภาควิชาอายุรศาสตร์ คณะแพทยศาสตร์ จุฬาลงกรณ์มหาวิทยาลัย;^c2565
300    ^a304 หน้า :^bภาพประกอบ ;^c26 ซม.
650  4 ^aกระเพาะอาหารและลำไส้, ระบบ
650  4 ^aกระเพาะอาหารและลำไส้, โรค^xการวินิจฉัย
650  4 ^aกระเพาะอาหารและลำไส้, โรค^xการรักษา
700 0  ^aศุภพัชญ ศรีภูษณาพรรณ,^eบรรณาธิการ
700 0  ^aเกศินี เธียรกานนท์,^eบรรณาธิการ
945    ^p450^l0^i29852
945    ^p450^l0^i29853
999    ^aกัณชพร จุลอักษร
รายการนี้ยังไม่มีแท็ก
คุณยังไม่ได้ล็อกอิน คุณสามารถมีกิจกรรมร่วมกับเว็บไซต์ได้ แต่ต้องล็อกอินก่อน ::
  ล็อกอิน

รายการสื่อสารสนเทศ

ลำดับที่ ประเภท เลขเรียก/บาร์โค้ด สถานที่ สถานะ
1. หนังสือสำรอง
หนังสือสำรอง
WI140 G428 ฉ.1 
  Barcode: 29852
ห้องสมุดวิทยาเขตนครสวรรค์
►หนังสือทั่วไป:l:General Books
ถูกยืม กำหนดส่งวันที่ 18 พฤษภาคม 2569
  จอง
2. วิทยาศาสตร์การแพทย์ และสุขภาพ
วิทยาศาสตร์การแพทย์ และสุขภาพ
WI140 G428 ฉ.2 
  Barcode: 29853
ห้องสมุดวิทยาเขตนครสวรรค์
►หนังสือทั่วไป:l:General Books
บนชั้น

รายการใกล้เคียง
    หัวเรื่อง [กระเพาะอาหารและลำไส้, ระบบ]

BibComment


ยังไม่เคยถูกคอมเมนท์

คอมเมนท์ทรัพยากรรายการนี้
  คอมเมนท์: GI survival guid..


 Copyright 2026. Bcnsprnw @Library